LIBRARY & INFORMATION CENTRE, KCAET, TAVANUR

ONLINE PUBLIC ACCESS CATALOGUE (OPAC)

Heat transfer : A basic approach / (Record no. 2178)

MARC details
000 -LEADER
fixed length control field 00469cam a2200181ua 4500
020 ## - INTERNATIONAL STANDARD BOOK NUMBER
ISBN 0-07-047982-8
041 ## - LANGUAGE CODE
Language code of text/sound track or separate title eng
082 ## - DEWEY DECIMAL CLASSIFICATION NUMBER
Classification number 621.4022
Item number OZI/HE
100 ## - MAIN ENTRY--AUTHOR NAME
Personal name Ozisik, M Necati .
245 ## - TITLE STATEMENT
Title Heat transfer : A basic approach /
250 ## - EDITION STATEMENT
Edition statement 1 /
260 ## - PUBLICATION, DISTRIBUTION, ETC. (IMPRINT)
Place of publication :
Name of publisher McGraw Hill Book Company ,
Year of publication 1985.
300 ## - PHYSICAL DESCRIPTION
Number of Pages 779 ; .
942 ## - ADDED ENTRY ELEMENTS (KOHA)
Koha item type Books
Holdings
Withdrawn status Lost status Damaged status Home library Current library Date acquired Full call number Accession Number Koha item type
      KAUAET KAUAET 07/04/2012 621.4022 15682 Books
free website counter